000 00910nam a2200265 i 4500
001 185676
003 SpMaBN
005 20230906222507.0
008 160802s1980 ag |||| | spa d
080 _a611/12:159.954
080 _a159.923.2
100 1 _aBernard, Michel.
_9160297
245 1 3 _aEl cuerpo /
_cMichel Bernard ; [versión castellana de Alberto Luis Bixio].
250 _a1ª ed.
260 _aBuenos Aires :
_bPaidós,
_c1980.
300 _a228 p. ;
_c20 cm.
490 1 _aBiblioteca de técnicas y lenguajes corporales ;
_v8
504 _aReferencias bibliográficas.
650 7 _aCuerpo humano-
_xAspectos simbólicos.
_911507
650 7 _aImagen del cuerpo.
_9160296
700 1 _aBixio, Alberto Luis.
_929037
830 0 _aBiblioteca de técnicas y lenguajes corporales ;
_v8
_9184147
852 _aES-MaACL
_jL-30492
_z. - Donat. Miguel A. Velasco
999 _c185676
_d185676